[Event "Ortega op 3rd"]
[Site "Ortega"]
[Date "2013.06.09"]
[Round "5"]
[White "Perez Pineda, Elkin Dario"]
[Black "Huertas Botache, Alvaro Eduardo"]
[Result "1-0"]
[WhiteElo "2156"]
[BlackElo "1841"]
[PlyCount "47"]
[EventDate "2013.06.07"]
[EventType "swiss"]
[EventRounds "8"]
[EventCountry "COL"]
[SourceTitle "CBM 154 Extra"]
[Source "ChessBase"]
[SourceDate "2013.06.25"]
[SourceVersion "2"]
[SourceVersionDate "2013.06.25"]
[SourceQuality "1"]

1. e4 e5 2. Nf3 Nc6 3. d4 exd4 4. Bc4 Nf6 5. 0-0 Bc5 6. e5 d5 7. exf6 dxc4 8. Re1+ Be6 9. Ng5 Qd5 10. Nc3 Qf5 11. g4 Qxf6 12. Nd5 Qd8 13. Rxe6+ fxe6 14. Nxe6 Qd6 15. Bf4 Ne5 16. Qe2 Kd7 17. Nxc5+ Kc6 18. Nb4+ Kxc5 19. Bxe5 Qd7 20. c3 d3 21. Bd4+ Kb5 22. a4+ Ka5 23. Qe5+ b5 24. axb5# 1-0

[Event "Sopo op"]
[Site "Sopo"]
[Date "2013.04.28"]
[Round "5"]
[White "Perez Pineda, Elkin Dario"]
[Black "Olarte Parra, Jhoan Sebastian"]
[Result "1-0"]
[WhiteElo "2156"]
[BlackElo "1958"]
[PlyCount "80"]
[EventDate "2013.04.26"]
[EventType "swiss"]
[EventRounds "5"]
[EventCountry "COL"]
[SourceTitle "CBM 154 Extra"]
[Source "ChessBase"]
[SourceDate "2013.06.25"]
[SourceVersion "2"]
[SourceVersionDate "2013.06.25"]
[SourceQuality "1"]

1. e4 c5 2. Nf3 d6 3. c3 Nf6 4. Bc4 e6 5. Qe2 Nc6 6. 0-0 Be7 7. d4 a6 8. a4 d5 9. exd5 exd5 10. Bd3 0-0 11. h3 Re8 12. Qc2 c4 13. Bf5 Bxf5 14. Qxf5 g6 15. Qc2 Ne4 16. Nbd2 f5 17. Nxe4 dxe4 18. Nd2 Qd5 19. Re1 Bd6 20. b3 b5 21. a5 Bc7 22. bxc4 bxc4 23. Ra4 Nxa5 24. Qa2 Rec8 25. f3 e3 26. Rxe3 Nb3 27. Nxb3 cxb3 28. Qf2 Bf4 29. Re7 Bxc1 30. Qh4 Qf7 31. Rxf7 Kxf7 32. Rb4 Rab8 33. Qxh7+ Kf6 34. Rxb8 Rxb8 35. Qc7 Rb5 36. Qd6+ Kg5 37. h4+ Kh6 38. Qf8+ Kh7 39. Qf7+ Kh8 40. Qf6+ Kh7 1-0

[Event "Sopo op"]
[Site "Sopo"]
[Date "2013.04.27"]
[Round "3"]
[White "Garcia, Juan Manuel"]
[Black "Perez Pineda, Elkin Dario"]
[Result "1-0"]
[WhiteElo "1872"]
[BlackElo "2156"]
[PlyCount "55"]
[EventDate "2013.04.26"]
[EventType "swiss"]
[EventRounds "5"]
[EventCountry "COL"]
[SourceTitle "CBM 154 Extra"]
[Source "ChessBase"]
[SourceDate "2013.06.25"]
[SourceVersion "2"]
[SourceVersionDate "2013.06.25"]
[SourceQuality "1"]

1. e4 e5 2. Nf3 Nc6 3. Bb5 f5 4. 0-0 d6 5. d4 fxe4 6. Nxe5 dxe5 7. Qh5+ Ke7 8. Bxc6 bxc6 9. Bg5+ Nf6 10. dxe5 Qd5 11. Bh4 Ke6 12. Bxf6 gxf6 13. Qe8+ Be7 14. Qxh8 Bb7 15. Qxh7 Qxe5 16. Nc3 f5 17. f4 Qf6 18. g4 c5 19. Rfe1 Rh8 20. Qxf5+ Qxf5 21. gxf5+ Kxf5 22. Nxe4 Bxe4 23. Rxe4 Kxe4 24. Re1+ Kf3 25. Rxe7 Rg8+ 26. Kf1 Rh8 27. f5 Rxh2 28. Ke1 1-0

[Event "COL-ch sf"]
[Site "Santa Rosa"]
[Date "2011.06.22"]
[Round "2"]
[White "Gallego Alcaraz, Andres Felipe"]
[Black "Perez Pineda, Elkin Dario"]
[Result "1-0"]
[WhiteElo "2368"]
[BlackElo "2135"]
[PlyCount "49"]
[EventDate "2011.06.22"]
[EventType "swiss"]
[EventRounds "11"]
[EventCountry "COL"]
[SourceTitle "CBM 143 Extra"]
[Source "ChessBase"]
[SourceDate "2011.08.29"]
[SourceVersion "1"]
[SourceVersionDate "2011.08.29"]
[SourceQuality "1"]

1. d4 d5 2. c4 c6 3. Nf3 Nf6 4. Nc3 e6 5. e3 Bd6 6. Qc2 0-0 7. Be2 Nbd7 8. 0-0 dxc4 9. Bxc4 e5 10. h3 Qe7 11. a3 a5 12. Ba2 exd4 13. exd4 h6 14. Re1 Qd8 15. Ne5 Qc7 16. Bf4 Nb6 17. Bxh6 Kh8 18. Bf4 Nbd5 19. Nxd5 Nxd5 20. Nxf7+ Qxf7 21. Bxd6 Bf5 22. Qd2 Rfd8 23. Bg3 Qg6 24. Re5 Nf6 25. Qf4 1-0

[Event "Bogota McGregor op 1st"]
[Site "Bogota"]
[Date "2010.12.08"]
[Round "10"]
[White "Perez Pineda, Elkin Dario"]
[Black "Jimenez, Leonardo Andres"]
[Result "1-0"]
[WhiteElo "2170"]
[BlackElo "1889"]
[PlyCount "109"]
[EventDate "2010.12.03"]
[EventType "swiss"]
[EventRounds "10"]
[EventCountry "COL"]
[SourceTitle "CBM 139 Extra"]
[Source "ChessBase"]
[SourceDate "2011.01.05"]
[SourceVersion "1"]
[SourceVersionDate "2011.01.05"]
[SourceQuality "1"]

1. e4 e6 2. d4 d5 3. e5 c5 4. c3 Nc6 5. Nf3 Qb6 6. Bd3 Bd7 7. 0-0 cxd4 8. cxd4 Nxd4 9. Nxd4 Qxd4 10. Nc3 Qxe5 11. Re1 Qd6 12. Qf3 Be7 13. Bf4 Qb6 14. Rac1 Nf6 15. Bc7 Qb4 16. h3 0-0 17. Be5 Rac8 18. Qg3 Bc6 19. a3 Qb6 20. Qh4 h6 21. Re3 d4 22. Rg3 Kh8 23. Bxd4 Qxb2 24. Rb1 Qxa3 25. Be4 Bxe4 26. Nxe4 Rc1+ 27. Rxc1 Qxc1+ 28. Kh2 Qc4 29. Nxf6 Bxf6 30. Qxh6+ gxh6 31. Bxf6+ Kh7 32. Rg7+ Kh8 33. Rg4+ Kh7 34. Rxc4 Kg6 35. Bd4 a6 36. Rc7 Rd8 37. Be3 b5 38. Ra7 Rd6 39. Ra8 Kg7 40. h4 h5 41. Kg3 b4 42. Bc5 Rd3+ 43. f3 Rb3 44. Rxa6 Rb1 45. Bd4+ Kg6 46. Ra5 b3 47. Rg5+ Kh6 48. Bg7+ Kh7 49. Bf8 Ra1 50. Rxh5+ Kg8 51. Be7 f5 52. Bf6 Ra4 53. Be5 Rb4 54. Bb2 Rb7 55. Rh8+ 1-0

[Event "Bogota McGregor op 1st"]
[Site "Bogota"]
[Date "2010.12.08"]
[Round "9"]
[White "Univio Sanchez, German"]
[Black "Perez Pineda, Elkin Dario"]
[Result "1-0"]
[WhiteElo "2005"]
[BlackElo "2170"]
[PlyCount "37"]
[EventDate "2010.12.03"]
[EventType "swiss"]
[EventRounds "10"]
[EventCountry "COL"]
[SourceTitle "CBM 139 Extra"]
[Source "ChessBase"]
[SourceDate "2011.01.05"]
[SourceVersion "1"]
[SourceVersionDate "2011.01.05"]
[SourceQuality "1"]

1. e4 e5 2. Nf3 Nc6 3. Bb5 f5 4. d3 d6 5. Nc3 Nf6 6. Bg5 Be7 7. Qe2 a6 8. Ba4 b5 9. Bb3 Na5 10. Nh4 fxe4 11. Bxf6 Bxf6 12. Qh5+ g6 13. Nxg6 hxg6 14. Qxg6+ Kd7 15. Qf5+ Kc6 16. Qxe4+ Kb6 17. Qxa8 c6 18. Qb8+ Nb7 19. a4 1-0

[Event "Pan American-ch U20"]
[Site "Cali"]
[Date "2005.10.19"]
[Round "7"]
[White "Marquez, Alejandro Esteban"]
[Black "Perez Pineda, Elkin Dario"]
[Result "0-1"]
[WhiteElo "1800"]
[BlackElo "1800"]
[PlyCount "36"]
[EventDate "2005.10.16"]
[EventType "swiss"]
[EventRounds "9"]
[EventCountry "COL"]
[SourceTitle "EXT 2022"]
[Source "ChessBase"]
[SourceDate "2021.10.06"]
[SourceVersion "1"]
[SourceVersionDate "2021.10.06"]
[SourceQuality "1"]

1. e4 e5 2. Nf3 Nc6 3. d4 exd4 4. Nxd4 Bc5 5. Be3 Qh4 6. Nc3 d6 7. Bc4 Ne5 8. Be2 Nf6 9. Bf3 0-0 10. 0-0 Bg4 11. h3 Bxd4 12. hxg4 Nexg4 13. Bxg4 Nxg4 14. Re1 Bxe3 15. fxe3 Qf2+ 16. Kh1 Qh4+ 17. Kg1 Qh2+ 18. Kf1 Qh4 0-1